[Event "Berlin Lichtenberger op 13th"]
[Site "Berlin"]
[Date "2014.08.20"]
[Round "5"]
[White "Westphal, Julian"]
[Black "Hahlbohm, Matthias"]
[Result "0-1"]
[WhiteElo "1734"]
[BlackElo "2074"]
[PlyCount "78"]
[EventDate "2014.08.16"]
[EventType "swiss"]
[EventRounds "9"]
[EventCountry "GER"]
[SourceTitle "CBM 161 Extra"]
[Source "ChessBase"]
[SourceDate "2014.08.29"]
[SourceVersion "1"]
[SourceVersionDate "2014.08.29"]
[SourceQuality "1"]

1. d4 c5 2. d5 e5 3. g3 f5 4. e4 d6 5. Bg2 Nf6 6. Nc3 Be7 7. Nge2 0-0 8. 0-0 fxe4 9. Nxe4 Nxe4 10. Bxe4 Bh3 11. Nf4 Rxf4 12. gxf4 Bxf1 13. Kxf1 Nd7 14. Bf5 Bf6 15. Qg4 Nf8 16. fxe5 Bxe5 17. Bg5 Bf6 18. Bf4 Qb6 19. Re1 Rd8 20. Re3 Qxb2 21. Rh3 Qa1+ 22. Kg2 Qxa2 23. Be4 Qb2 24. Qh5 g6 25. Qg4 Qd4 26. Be3 Qe5 27. Rf3 Re8 28. Bd3 Bg7 29. Bf4 Qxd5 30. Bg5 Qc6 31. Qf4 Qd7 32. Qc4+ Ne6 33. Qd5 Kh8 34. Bh4 b5 35. Bg3 c4 36. Bf1 Rd8 37. Kg1 Nc7 38. Qf7 a6 39. Qf4 Ne6 0-1

[Event "Berlin-ch QT"]
[Site "Berlin"]
[Date "2014.04.22"]
[Round "4"]
[White "Westphal, Julian"]
[Black "Schmidt, Juergen"]
[Result "1/2-1/2"]
[WhiteElo "1701"]
[BlackElo "2015"]
[PlyCount "90"]
[EventDate "2014.04.19"]
[EventType "swiss"]
[EventRounds "9"]
[EventCountry "GER"]
[SourceTitle "EXT 2022"]
[Source "ChessBase"]
[SourceDate "2021.10.06"]
[SourceVersion "1"]
[SourceVersionDate "2021.10.06"]
[SourceQuality "1"]

1. d4 d5 2. c4 c6 3. Nf3 Nf6 4. Nc3 e6 5. e3 Nbd7 6. Qc2 Be7 7. Bd3 dxc4 8. Bxc4 b5 9. Bd3 Bb7 10. e4 b4 11. Ne2 Qa5 12. 0-0 Rc8 13. Ng3 h5 14. h4 Ng4 15. Bg5 c5 16. Bxe7 cxd4 17. Bxb4 Qxb4 18. Qb3 a5 19. Qxb4 axb4 20. Nxd4 0-0 21. f3 Nge5 22. Bb5 Nf6 23. Rac1 Rfd8 24. Nge2 Ne8 25. Bxe8 Rxe8 26. Rxc8 Rxc8 27. Rc1 Ra8 28. Rc7 Ba6 29. Rc5 Bxe2 30. Rxe5 Bd3 31. Nc6 b3 32. a3 Rxa3 33. Nd4 Ra1+ 34. Kf2 Rb1 35. Ke3 Bc2 36. Kd2 Rxb2 37. Kc3 Ra2 38. Rb5 Bd1 39. g3 Rg2 40. Nxb3 Bxb3 41. Kxb3 g6 42. Rg5 Kg7 43. e5 Rf2 44. f4 Rg2 45. Kc4 Kf8 1/2-1/2

[Event "Berlin-ch QT"]
[Site "Berlin"]
[Date "2014.04.21"]
[Round "3"]
[White "Witte, Ronald"]
[Black "Westphal, Julian"]
[Result "1/2-1/2"]
[WhiteElo "2040"]
[BlackElo "1701"]
[PlyCount "40"]
[EventDate "2014.04.19"]
[EventType "swiss"]
[EventRounds "9"]
[EventCountry "GER"]
[SourceTitle "EXT 2022"]
[Source "ChessBase"]
[SourceDate "2021.10.06"]
[SourceVersion "1"]
[SourceVersionDate "2021.10.06"]
[SourceQuality "1"]

1. d4 d5 2. c4 c6 3. Nf3 Nf6 4. e3 e6 5. Nc3 Nbd7 6. Qc2 Bd6 7. Be2 0-0 8. 0-0 a6 9. b3 Re8 10. Rd1 Qc7 11. c5 Bf8 12. Na4 e5 13. dxe5 Nxe5 14. Bb2 Nxf3+ 15. Bxf3 Ne4 16. Nb6 Rb8 17. Nxc8 Rbxc8 18. Bg4 Rcd8 19. b4 Qe7 20. Bf5 Qg5 1/2-1/2

[Event "Berlin Lichtenberger op 9th"]
[Site "Berlin"]
[Date "2010.08.14"]
[Round "8"]
[White "Engelhardt, Erhard"]
[Black "Westphal, Julian"]
[Result "1-0"]
[WhiteElo "1799"]
[BlackElo "1698"]
[PlyCount "97"]
[EventDate "2010.08.07"]
[EventType "swiss"]
[EventRounds "9"]
[EventCountry "GER"]
[SourceTitle "CBM 137 Extra"]
[Source "ChessBase"]
[SourceDate "2010.09.01"]
[SourceVersion "1"]
[SourceVersionDate "2010.09.01"]
[SourceQuality "1"]

1. b4 e5 2. Bb2 d6 3. c4 f5 4. e3 Nf6 5. Nf3 Be7 6. Be2 0-0 7. d3 e4 8. Nfd2 Be6 9. 0-0 Nbd7 10. Nc3 exd3 11. Bxd3 Ne5 12. Be2 Qe8 13. Nb5 Qd7 14. Nd4 Rae8 15. Qc2 Bd8 16. Rad1 Ng6 17. Bd3 Ng4 18. h3 N4e5 19. Be2 f4 20. Nxe6 Qxe6 21. Bxe5 dxe5 22. c5 Kh8 23. e4 Rf6 24. f3 Nh4 25. Bc4 Qc8 26. Nb3 Ref8 27. Rd5 Rg6 28. Rf2 Qxh3 29. Rxe5 Nxf3+ 30. Rxf3 Qxf3 31. Nd4 Qe3+ 32. Qf2 Qxf2+ 33. Kxf2 Bf6 34. Rd5 Rd8 35. Ne6 Rxd5 36. exd5 Be5 37. Bd3 Rf6 38. Kf3 Kg8 39. Ke4 Bc3 40. b5 Bb4 41. Kd4 h6 42. Nxc7 f3 43. gxf3 Rxf3 44. Ne6 Kf7 45. Nd8+ Ke7 46. Nxb7 g5 47. d6+ Ke8 48. Bg6+ Rf7 49. Bxf7+ 1-0

[Event "Berlin Lichtenberger op 9th"]
[Site "Berlin"]
[Date "2010.08.07"]
[Round "2"]
[White "Krefenstein, Sergej"]
[Black "Westphal, Julian"]
[Result "1-0"]
[WhiteElo "2045"]
[BlackElo "1698"]
[PlyCount "49"]
[EventDate "2010.08.07"]
[EventType "swiss"]
[EventRounds "9"]
[EventCountry "GER"]
[SourceTitle "CBM 137 Extra"]
[Source "ChessBase"]
[SourceDate "2010.09.01"]
[SourceVersion "1"]
[SourceVersionDate "2010.09.01"]
[SourceQuality "1"]

1. e4 e6 2. d4 d5 3. Nd2 dxe4 4. Nxe4 Be7 5. Nf3 Nf6 6. Bd3 0-0 7. Be3 Nbd7 8. 0-0 Nxe4 9. Bxe4 Nf6 10. Bd3 b6 11. Qe2 c6 12. Ne5 Qc7 13. Bg5 Bb7 14. Rae1 Nd5 15. Bd2 Bf6 16. Qe4 g6 17. c4 Ne7 18. Qf4 Bg7 19. Nxg6 Qxf4 20. Nxe7+ Kh8 21. Bxf4 Rfe8 22. Nxc6 Bxc6 23. Be5 Red8 24. Be4 Bxe4 25. Bxg7+ 1-0

[Event "Berlin Lichtenberger op 9th"]
[Site "Berlin"]
[Date "2010.08.07"]
[Round "1"]
[White "Westphal, Julian"]
[Black "Weyers, Guido"]
[Result "1/2-1/2"]
[WhiteElo "1698"]
[BlackElo "1985"]
[PlyCount "47"]
[EventDate "2010.08.07"]
[EventType "swiss"]
[EventRounds "9"]
[EventCountry "GER"]
[SourceTitle "CBM 137 Extra"]
[Source "ChessBase"]
[SourceDate "2010.09.01"]
[SourceVersion "1"]
[SourceVersionDate "2010.09.01"]
[SourceQuality "1"]

1. d4 Nf6 2. c4 c5 3. d5 b5 4. cxb5 a6 5. g3 axb5 6. Bg2 d6 7. e4 Nbd7 8. Ne2 g6 9. b3 Bg7 10. Bb2 0-0 11. Nd2 Bb7 12. Qc2 Qb6 13. 0-0 Ra7 14. a3 Rfa8 15. b4 Ng4 16. Bxg7 Kxg7 17. Qb2+ Kg8 18. bxc5 dxc5 19. h3 Nge5 20. Rfb1 Ba6 21. f4 Nd3 22. Qc3 c4+ 23. Kh2 N3c5 24. Nxc4 1/2-1/2